LIVING WHEN A LOVED ON HAS DIED (Record no. 376351)

MARC details
000 -LEADER
fixed length control field 00389nam a2200145Ia 4500
008 - FIXED-LENGTH DATA ELEMENTS--GENERAL INFORMATION
fixed length control field 100122s9999 xx 000 0 und d
082 ## - DEWEY DECIMAL CLASSIFICATION NUMBER
Item number 54836
Classification number 821
100 ## - MAIN ENTRY--PERSONAL NAME
Personal name GROLLMAN EARL
245 ## - TITLE STATEMENT
Title LIVING WHEN A LOVED ON HAS DIED
260 ## - PUBLICATION, DISTRIBUTION, ETC. (IMPRINT)
Name of publisher, distributor, etc SOUVENIR PRESS
Date of publication, distribution, etc 1995
300 ## - PHYSICAL DESCRIPTION
Extent 112
630 ## - SUBJECT ADDED ENTRY--UNIFORM TITLE
Uniform title LIVING WHEN A LOVED ON HAS DIED
730 ## - ADDED ENTRY--UNIFORM TITLE
Uniform title LIVING WHEN A LOVED ON HAS DIED
942 ## - ADDED ENTRY ELEMENTS (KOHA)
Koha item type Book
Holdings
Withdrawn status Lost status Damaged status Not for loan Home library Current library Date acquired Cost, normal purchase price Total Checkouts Full call number Barcode Date last seen Cost, replacement price Price effective from Koha item type Public note
        S.V. Pathak Library, Vile Parle S.V. Pathak Library, Vile Parle 07/16/1998 200.00   54836 SVPPARLE-54836 01/25/2010 200.00 01/25/2010 Book ", , General, NA"